[Event "Wch FIDE Online U12 Europe qual"]
[Site "Tornelo INT"]
[Date "2020.12.07"]
[Round "2"]
[White "Samorukov, Egor"]
[Black "Gerdes, Sebastian"]
[Result "1-0"]
[WhiteElo "1081"]
[BlackElo "1507"]
[PlyCount "67"]
[EventDate "2020.12.07"]
[EventType "swiss (rapid)"]
[EventRounds "7"]
[EventCountry "ISS"]
[SourceTitle "EXT 2022"]
[Source "ChessBase"]
[SourceDate "2021.10.06"]
[SourceVersion "1"]
[SourceVersionDate "2021.10.06"]
[SourceQuality "1"]

1. e4 c5 2. Nf3 d6 3. d4 cxd4 4. Nxd4 Nf6 5. Nc3 a6 6. Bg5 Nbd7 7. Bc4 e6 8. 0-0 b5 9. Bb3 Bb7 10. a4 b4 11. Na2 Be7 12. Bxf6 Nxf6 13. Re1 Qb6 14. a5 Qxa5 15. Nc3 Qb6 16. Na4 Qc7 17. c3 bxc3 18. bxc3 0-0 19. Rc1 Nxe4 20. Qc2 Nf6 21. c4 d5 22. cxd5 Qxc2 23. Rxc2 Nxd5 24. Bxd5 Bxd5 25. Nb6 Rab8 26. Nxd5 exd5 27. Nc6 Bb4 28. Rb1 d4 29. Rxb4 Rbc8 30. Ne7+ Kh8 31. Rxc8 Rxc8 32. Nxc8 d3 33. Rd4 f6 34. Rd8# 1-0

[Event "EU-ch Online U12"]
[Site "Tornelo INT"]
[Date "2020.09.20"]
[Round "7"]
[White "Gerdes, Sebastian"]
[Black "Samorukov, Boris"]
[Result "1-0"]
[WhiteElo "1507"]
[BlackElo "1185"]
[PlyCount "25"]
[EventDate "2020.09.18"]
[EventType "swiss (rapid)"]
[EventRounds "9"]
[EventCountry "NET"]
[SourceTitle "EXT 2023"]
[Source "ChessBase"]
[SourceDate "2022.10.05"]
[SourceVersion "1"]
[SourceVersionDate "2022.10.05"]
[SourceQuality "1"]
[WhiteTeam "Sweden"]
[BlackTeam "Monaco"]
[WhiteTeamCountry "SWE"]
[BlackTeamCountry "MNC"]

1. c4 d5 2. cxd5 Qxd5 3. Nc3 Qe5 4. Nf3 Qe6 5. d4 Nf6 6. g3 Ne4 7. Bg2 Nxc3 8. bxc3 b6 9. Ng5 Qf5 10. Bxa8 c6 11. Bf4 f6 12. Nf3 g5 13. Bxb8 1-0